| 000 | 00877nmc a2200337 a 4500 | ||
|---|---|---|---|
| 003 | AR-BaBNM | ||
| 005 | 20251128204633.0 | ||
| 008 | 216019s1993 ||||||||||||||000 | spa|| | ||
| 020 | _a950-581-045-X | ||
| 040 | _cAR-BaBNM | ||
| 100 | 1 | _aPérez Galdós, Benito | |
| 245 | 1 | 0 | _aMarianela |
| 250 | _a1ª ed. | ||
| 260 |
_aBuenos Aires _bColihue _c1993 |
||
| 300 | 0 | _a179 p. | |
| 490 | 0 |
_aLeer y crear _vv. 45 |
|
| 500 | 0 | _aPropuestas de trabajo para los alumnos | |
| 500 | 0 | _aBiografía del autor | |
| 504 | _aContiene bibliografía | ||
| 504 | _aBibliografía general | ||
| 650 | 4 | _aANALISIS LITERARIO | |
| 650 | 4 | _aREALISMO | |
| 650 | 4 | _aNOVELAS | |
| 653 | 0 | _aENSENANZA DE LA LITERATURA | |
| 653 | 0 | _aEDUCACION SECUNDARIA | |
| 653 | 0 | _aNATURALISMO | |
| 655 | _aLITERATURA | ||
| 800 | 1 |
_aPetruzzi, Herminia _edirector |
|
| 942 | _cBK | ||
| 998 | _cisola | ||
| 999 |
_c8181 _d8181 |
||